000 00779nam a2200241 i 4500
001 bg
245 0 0 _aPopularna encyklopedia mass mediów /
_cpod red. Józefa Skrzypczaka ; [aut. Alicja Bałczyńska-Kosman et.al.].
260 _aPoznań :
_bWydawnictwo Kurpisz,
_c1999.
300 _a628, [1] s. ; [32] s. il. (w tym kolor.) :
_bil. (w tym kolor.) ;
_c24 cm.
650 9 _aŚrodki masowego przekazu
655 _aEncyklopedie
700 1 _aSkrzypczak, Józef
_d(1938- ).
_eRed.
700 1 _aBałczyńska-Kosman, Alicja.
020 _a8388276123
040 _cBPK
041 _apol
044 _aPOL
080 _a659.3(03)
920 _a83-88276-12-3
942 _cKS
008 s pl f |000 0 pol
999 _c55791
_d55791
856 _uhttp://koha.tu.koszalin.pl/cgi-bin/koha/opac-detail.pl?biblionumber=55791
_yKatalog online BPK